[Event "Hoogeveen Unive op 19th"]
[Site "Hoogeveen"]
[Date "2015.10.22"]
[Round "7"]
[White "Munnik, Talitha"]
[Black "Van Randtwijk, Mick"]
[Result "1/2-1/2"]
[WhiteElo "2037"]
[BlackElo "1852"]
[PlyCount "41"]
[EventDate "2015.10.17"]
[EventType "swiss"]
[EventRounds "9"]
[EventCountry "NED"]
[SourceTitle "EXT 2017"]
[Source "ChessBase"]
[SourceDate "2016.10.25"]
[SourceVersion "1"]
[SourceVersionDate "2016.10.25"]
[SourceQuality "1"]

1. e4 c5 2. Nf3 Nc6 3. d4 cxd4 4. Nxd4 g6 5. c4 Nf6 6. Nc3 d6 7. Be2 Nxd4 8. Qxd4 Bg7 9. Be3 0-0 10. Qd2 a5 11. f3 a4 12. Rc1 Qa5 13. 0-0 Be6 14. Rfd1 Rfc8 15. Nb5 Qxd2 16. Rxd2 Nd7 17. Nd4 Ne5 18. Nxe6 fxe6 19. Rdc2 Nc6 20. Rd2 Ne5 21. Rdc2 1/2-1/2

[Event "Hoogeveen Unive op 19th"]
[Site "Hoogeveen"]
[Date "2015.10.18"]
[Round "2"]
[White "Munnik, Talitha"]
[Black "Den Hartog, Marijn"]
[Result "0-1"]
[WhiteElo "2037"]
[BlackElo "2158"]
[PlyCount "54"]
[EventDate "2015.10.17"]
[EventType "swiss"]
[EventRounds "9"]
[EventCountry "NED"]
[SourceTitle "EXT 2017"]
[Source "ChessBase"]
[SourceDate "2016.10.25"]
[SourceVersion "1"]
[SourceVersionDate "2016.10.25"]
[SourceQuality "1"]

1. e4 e6 2. d4 d5 3. Nd2 Be7 4. e5 c5 5. Qg4 Bf8 6. dxc5 Nh6 7. Qh3 Nc6 8. Ngf3 Qc7 9. Bb5 Bxc5 10. Nb3 Bf8 11. Bxh6 gxh6 12. Qg3 Bd7 13. Bxc6 bxc6 14. 0-0 c5 15. Nbd2 Bc6 16. c3 0-0-0 17. b4 Be7 18. Nb3 Rhg8 19. Qf4 d4 20. cxd4 Qb7 21. Na5 Rxg2+ 22. Kh1 Rg4 23. Qxg4 Bxf3+ 24. Kg1 Bxg4 25. Nxb7 Rg8 26. Nd6+ Bxd6 27. Rfc1 Be2+ 0-1

[Event "NED-ch U21 Girls"]
[Site "Venlo"]
[Date "2009.04.26"]
[Round "3"]
[White "Hortensius, Lisa"]
[Black "Munnik, Talitha"]
[Result "0-1"]
[WhiteElo "1978"]
[BlackElo "2056"]
[PlyCount "152"]
[EventDate "2009.04.24"]
[EventType "tourn"]
[EventRounds "9"]
[EventCountry "NED"]
[SourceTitle "CBM 130 Extra"]
[Source "ChessBase"]
[SourceDate "2009.07.02"]
[SourceVersion "2"]
[SourceVersionDate "2009.07.15"]
[SourceQuality "1"]

1. e4 c5 2. Nf3 d6 3. d4 cxd4 4. Nxd4 Nf6 5. Nc3 a6 6. Bc4 e6 7. Bb3 b5 8. Bg5 Be7 9. Qf3 Qc7 10. Bxf6 Bxf6 11. 0-0-0 0-0 12. e5 Bg5+ 13. Kb1 d5 14. h4 Be7 15. Bxd5 Ra7 16. Ndxb5 axb5 17. Nxb5 Qa5 18. Nxa7 Qxa7 19. Bb3 Nd7 20. Qg3 Nc5 21. Qe3 Qa6 22. Rd4 Bb7 23. Rg4 Ra8 24. h5 Qa5 25. Bc4 Bc6 26. f3 Rb8 27. Bb3 Ra8 28. Bc4 Nd7 29. f4 h6 30. Rd1 Nb6 31. Bb3 Nd5 32. Qe1 Qa7 33. Qg3 Bf8 34. Re1 Nb4 35. a3 Kh8 36. Qe3 Bc5 37. Qe2 Nd5 38. Bxd5 Bxd5 39. Qd3 Qb6 40. Kc1 Rb8 41. b4 Bf2 42. Re2 Rd8 43. c4 Bc6 44. Qc2 Qd4 45. Kb1 Be3 46. Ka2 Be4 47. f5 exf5 48. Rh4 Bg5 49. Rhxe4 fxe4 50. Rxe4 Qa7 51. Re2 Be3 52. c5 Bg5 53. Qb3 Qc7 54. Qc2 Qc6 55. Qc4 Rd5 56. Kb3 Qe6 57. Rc2 Qxe5 58. c6 Rd4 59. Qc5 Qe6+ 60. Ka4 Rd8 61. Qc4 Ra8+ 62. Kb3 Qe3+ 63. Qc3 Qa7 64. Ka2 Bf6 65. Qd3 Qg1 66. Kb3 Qb1+ 67. Kc4 Qe1 68. Kb3 Qa1 69. Ra2 Qe5 70. Rc2 Rd8 71. Qc4 Qe3+ 72. Ka4 Ra8+ 73. Kb5 Qxa3 74. Kc5 Qa7+ 75. Kd5 Rd8+ 76. Ke4 Rd4+ 0-1

[Event "Dieren op"]
[Site "Dieren"]
[Date "2008.07.29"]
[Round "7"]
[White "Vos, Jan Pieter"]
[Black "Munnik, Talitha"]
[Result "1/2-1/2"]
[WhiteElo "2115"]
[BlackElo "1965"]
[PlyCount "81"]
[EventDate "2008.07.22"]
[EventType "swiss"]
[EventRounds "9"]
[EventCountry "NED"]
[SourceTitle "CBM 125 Extra"]
[Source "ChessBase"]
[SourceDate "2008.09.01"]
[SourceVersion "1"]
[SourceVersionDate "2008.09.01"]
[SourceQuality "1"]

1. Nc3 c5 2. Nf3 Nc6 3. d4 cxd4 4. Nxd4 e6 5. e4 a6 6. g3 Qc7 7. Bg2 Nf6 8. 0-0 Be7 9. Be3 0-0 10. f4 d6 11. Nxc6 bxc6 12. Na4 Rb8 13. c4 Rd8 14. Qe2 Rb4 15. b3 c5 16. Rad1 Bd7 17. Nc3 Bc6 18. Bc1 Nd7 19. Nd5 exd5 20. exd5 Bxd5 21. Bxd5 Nf6 22. Rfe1 Bf8 23. Bb2 Re8 24. Qf3 Rxe1+ 25. Rxe1 Nxd5 26. Qxd5 Rb8 27. f5 Qa5 28. Ra1 Re8 29. Kf2 Qd8 30. Bc3 Qg5 31. Qf3 h5 32. h4 Qh6 33. Qf4 Qxf4+ 34. gxf4 Be7 35. Kg3 Bd8 36. Re1 Rxe1 37. Bxe1 Bf6 38. Kf3 Kf8 39. Ke4 Ke7 40. Kd5 Kd7 41. a3 1/2-1/2

[Event "NED-ch U21 Girls"]
[Site "Venlo"]
[Date "2008.05.03"]
[Round "9"]
[White "Tempelman, Kristianne"]
[Black "Munnik, Talitha"]
[Result "1-0"]
[WhiteElo "1944"]
[BlackElo "1959"]
[PlyCount "149"]
[EventDate "2008.04.25"]
[EventType "tourn"]
[EventRounds "9"]
[EventCountry "NED"]
[SourceTitle "CBM 123 Extra"]
[Source "ChessBase"]
[SourceDate "2008.05.06"]
[SourceVersion "1"]
[SourceVersionDate "2008.05.06"]
[SourceQuality "1"]

1. d4 d5 2. c4 e6 3. Nc3 Nf6 4. Bg5 Be7 5. Nf3 h6 6. Bh4 0-0 7. e3 b6 8. Qc2 Bb7 9. Bxf6 Bxf6 10. cxd5 exd5 11. Bd3 c5 12. dxc5 bxc5 13. 0-0 Nc6 14. a3 Ne5 15. Nxe5 Bxe5 16. Rac1 Qh4 17. f4 Bd6 18. Qd2 Qe7 19. Rfe1 a6 20. Bc2 Qe6 21. Rcd1 Rfe8 22. Bb3 c4 23. Bxc4 dxc4 24. Qxd6 Qg4 25. Qd2 Bf3 26. Rc1 Rad8 27. Qf2 Bc6 28. h3 Qe6 29. e4 Rd3 30. Re2 Red8 31. e5 Qg6 32. Kh2 R8d4 33. Rce1 Qf5 34. Rf1 h5 35. e6 fxe6 36. Re5 Qg6 37. Rg5 Qf6 38. Ne2 Rd2 39. Qe1 R4d3 40. Rf2 Qxb2 41. Nc1 Rd6 42. Nd3 cxd3 43. Rxd2 Qd4 44. Qg3 Be4 45. Rxh5 Rc6 46. Qf2 Qxf2 47. Rxf2 Bf5 48. Rb2 Rd6 49. Rd2 Rd4 50. g4 Bg6 51. Rg5 Be8 52. Kg3 Bb5 53. Rc5 Kf7 54. Kf3 Kf6 55. Ke3 Rd8 56. a4 Bxa4 57. Rxd3 Rh8 58. g5+ Kg6 59. Ke4 Rb8 60. Rd6 Bb3 61. Rxa6 Kh5 62. Ra7 Rg8 63. Rcc7 Bd5+ 64. Ke5 Kg6 65. h4 Rf8 66. Rxg7+ Kh5 67. Rgf7 Rc8 68. f5 Kxh4 69. g6 Bb3 70. fxe6 Rc5+ 71. Kf6 Rc6 72. Rae7 Rc1 73. g7 Rf1+ 74. Ke5 Re1+ 75. Kd4 1-0

[Event "NED-ch U21 Girls"]
[Site "Venlo"]
[Date "2008.04.29"]
[Round "5"]
[White "Munnik, Talitha"]
[Black "Ferrier, Yvonne"]
[Result "1-0"]
[WhiteElo "1959"]
[BlackElo "1801"]
[PlyCount "145"]
[EventDate "2008.04.25"]
[EventType "tourn"]
[EventRounds "9"]
[EventCountry "NED"]
[SourceTitle "CBM 123 Extra"]
[Source "ChessBase"]
[SourceDate "2008.05.06"]
[SourceVersion "1"]
[SourceVersionDate "2008.05.06"]
[SourceQuality "1"]

1. e4 c5 2. Nf3 d6 3. d4 cxd4 4. Nxd4 Nf6 5. Nc3 a6 6. g3 e5 7. Nb3 Nbd7 8. a4 b6 9. Bg2 Bb7 10. 0-0 Be7 11. Re1 0-0 12. Nd2 Rc8 13. Nf1 Qc7 14. Bg5 Rfe8 15. Bxf6 Nxf6 16. Ne3 Kf8 17. Re2 Qc5 18. Qd3 Qb4 19. Ra2 Rc5 20. Ned5 Nxd5 21. exd5 g6 22. Re4 Qa5 23. Rg4 Rxc3 24. Qxc3 Qxc3 25. bxc3 Rc8 26. Rb4 Bd8 27. c4 a5 28. Rb3 Rxc4 29. h4 Bc8 30. Bf1 Rd4 31. Rd3 Rc4 32. Rd1 Rc3 33. Bb5 Bb7 34. Be2 Bc8 35. Rd2 Bf5 36. Kf1 Ke7 37. Ke1 Bc8 38. Rd3 Rc5 39. Rd1 Rc3 40. Kd2 Rc7 41. Ra3 Bb7 42. Kc1 Kf8 43. Kb2 f5 44. Rc3 Rf7 45. Rb3 Ke7 46. Bb5 h6 47. Be2 Kd7 48. c4 Bc7 49. h5 g5 50. f4 exf4 51. gxf4 g4 52. Bd3 Bc8 53. Re1 Kd8 54. Bc2 Bd7 55. Rbe3 Rg7 56. Kc3 Rf7 57. Kd2 Rg7 58. R1e2 Rf7 59. Ke1 Rg7 60. Kf2 Rf7 61. Kg3 Rg7 62. Re6 Bxe6 63. dxe6 Ke7 64. Bxf5 Kf6 65. Bxg4 Re7 66. Kf3 Kg7 67. Ke4 Kf6 68. Kd5 Kg7 69. Bh3 Kf6 70. Rg2 Rg7 71. Rxg7 Kxg7 72. Kc6 Bd8 73. Kd7 1-0

[Event "NED-ch U21 Girls"]
[Site "Venlo"]
[Date "2008.04.28"]
[Round "4"]
[White "Harezlak, Mariko"]
[Black "Munnik, Talitha"]
[Result "1-0"]
[WhiteElo "1757"]
[BlackElo "1959"]
[PlyCount "155"]
[EventDate "2008.04.25"]
[EventType "tourn"]
[EventRounds "9"]
[EventCountry "NED"]
[SourceTitle "CBM 123 Extra"]
[Source "ChessBase"]
[SourceDate "2008.05.06"]
[SourceVersion "1"]
[SourceVersionDate "2008.05.06"]
[SourceQuality "1"]

1. d4 d5 2. Nf3 Nf6 3. c4 e6 4. Bg5 Be7 5. Nc3 h6 6. Bh4 0-0 7. e3 b6 8. Bxf6 Bxf6 9. cxd5 exd5 10. Be2 Bb7 11. Qb3 Re8 12. 0-0 c6 13. Rac1 Qd6 14. Rfd1 Nd7 15. Na4 g5 16. Bd3 g4 17. Ne1 Bg5 18. Bb1 Nf6 19. g3 h5 20. Ng2 Kg7 21. Nc5 Bc8 22. Nd3 Rh8 23. Ne5 c5 24. Qc2 Rh6 25. Nf4 c4 26. a4 a6 27. f3 h4 28. gxh4 Bxf4 29. exf4 gxf3 30. Qf2 Ra7 31. Qxf3 Kh8 32. Qg3 Nh5 33. Qg5 Qf6 34. Rf1 Ng7 35. Ng4 Bxg4 36. Qxg4 Qxd4+ 37. Kh1 Qc5 38. Rg1 Qf8 39. Qg5 Rh5 40. Qf6 Rd7 41. Rg6 Kg8 42. Rxg7+ Qxg7 43. Rg1 Qxg1+ 44. Kxg1 d4 45. Qc6 Rhd5 46. Bc2 d3 47. Bd1 b5 48. h5 R5d6 49. Qg2+ Kh8 50. f5 f6 51. h6 d2 52. Qe4 Kh7 53. Qe8 bxa4 54. Kf2 Rd4 55. Qg6+ Kh8 56. Qxf6+ Kg8 57. Qxa6 Kh7 58. Qg6+ Kh8 59. f6 a3 60. bxa3 c3 61. Ke3 R4d6 62. Qe8+ Kh7 63. Bc2+ Rd3+ 64. Kf4 R7d4+ 65. Ke5 Rd5+ 66. Ke6 Rd6+ 67. Ke7 d1Q 68. Bxd1 Rxd1 69. Qf7+ Kxh6 70. Qg7+ Kh5 71. f7 Rd7+ 72. Ke6 R1d6+ 73. Kf5 Rd5+ 74. Ke4 Rd4+ 75. Qxd4 Rxd4+ 76. Kxd4 c2 77. f8Q c1Q 78. Qc5+ 1-0

[Event "NED-ch U21 Girls"]
[Site "Venlo"]
[Date "2008.04.26"]
[Round "2"]
[White "Westermann, Natalia"]
[Black "Munnik, Talitha"]
[Result "1/2-1/2"]
[WhiteElo "1814"]
[BlackElo "1959"]
[PlyCount "116"]
[EventDate "2008.04.25"]
[EventType "tourn"]
[EventRounds "9"]
[EventCountry "NED"]
[SourceTitle "CBM 123 Extra"]
[Source "ChessBase"]
[SourceDate "2008.05.06"]
[SourceVersion "1"]
[SourceVersionDate "2008.05.06"]
[SourceQuality "1"]

1. e4 c5 2. Nf3 d6 3. Bb5+ Nc6 4. 0-0 Bd7 5. Re1 a6 6. Be2 Nf6 7. d3 g6 8. c3 Bg7 9. Nbd2 Rc8 10. a3 0-0 11. Rb1 b5 12. Bf1 Qb6 13. Nb3 a5 14. d4 cxd4 15. Nbxd4 Nxd4 16. Qxd4 Qb7 17. e5 dxe5 18. Qxe5 Bf5 19. Ra1 Nd5 20. Qe2 Rc5 21. Bd2 Re8 22. Rac1 a4 23. Nd4 Bd7 24. Qf3 e5 25. Nxb5 Bxb5 26. c4 Bc6 27. cxd5 Rxd5 28. Bc3 Kh8 29. Qe3 f6 30. f3 Bf8 31. Kh1 Bc5 32. Qe2 Red8 33. Red1 Qb3 34. Rxd5 Qxd5 35. Qc4 Qxc4 36. Bxc4 Kg7 37. h3 Bb6 38. Rf1 Be3 39. Kh2 Bf4+ 40. g3 Be3 41. Kg2 Kf8 42. Re1 Bc5 43. h4 Ke7 44. g4 Bd4 45. Rd1 Bxc3 46. Rxd8 Kxd8 47. bxc3 g5 48. hxg5 fxg5 49. Bd3 h6 50. Kf2 Ke7 51. Ke3 Kd6 52. Ke2 Kc5 53. Ke3 Bd5 54. Be2 Bc6 55. Bd3 Kd6 56. Be2 Kd5 57. Bd3 Be8 58. Be2 Bc6 1/2-1/2

[Event "NED-ch (Women)"]
[Site "Hilversum"]
[Date "2008.04.13"]
[Round "9"]
[White "Muhren, Bianca"]
[Black "Munnik, Talitha"]
[Result "1-0"]
[WhiteElo "2297"]
[BlackElo "2002"]
[PlyCount "79"]
[EventDate "2008.04.04"]
[EventType "tourn"]
[EventRounds "9"]
[EventCountry "NED"]
[SourceTitle "CBM 123 Extra"]
[Source "ChessBase"]
[SourceDate "2008.05.06"]
[SourceVersion "1"]
[SourceVersionDate "2008.05.06"]
[SourceQuality "1"]

1. e4 c5 2. Nf3 e6 3. d4 cxd4 4. Nxd4 a6 5. Nc3 Qc7 6. Bd3 Nf6 7. 0-0 Nc6 8. Be3 b5 9. Qe2 Ne5 10. h3 Bb7 11. f4 Nc4 12. Ndxb5 axb5 13. Nxb5 Qb8 14. Bxc4 Nxe4 15. Bb6 Bd6 16. Qe3 Ba6 17. Nxd6+ Qxd6 18. Bxa6 Rxa6 19. Bd4 Ra4 20. Qxe4 Qxd4+ 21. Qxd4 Rxd4 22. a4 Rd2 23. Rf2 Rd4 24. c3 Rc4 25. Rf3 d5 26. b3 Rc7 27. a5 Kd7 28. Rd3 Kc6 29. Kf2 Rb8 30. Ra3 Kb5 31. f5 Rbb7 32. Ke3 g6 33. fxe6 fxe6 34. Kd2 Rf7 35. Rf3 Ra7 36. Rxf7 Rxf7 37. Ke3 e5 38. Ra1 Ra7 39. Rd1 Rd7 40. Rxd5+ 1-0

[Event "NED-ch (Women)"]
[Site "Hilversum"]
[Date "2008.04.11"]
[Round "7"]
[White "Middelveld, Martine"]
[Black "Munnik, Talitha"]
[Result "1-0"]
[WhiteElo "2040"]
[BlackElo "2002"]
[PlyCount "107"]
[EventDate "2008.04.04"]
[EventType "tourn"]
[EventRounds "9"]
[EventCountry "NED"]
[SourceTitle "CBM 123 Extra"]
[Source "ChessBase"]
[SourceDate "2008.05.06"]
[SourceVersion "1"]
[SourceVersionDate "2008.05.06"]
[SourceQuality "1"]

1. d4 d5 2. c4 e6 3. Nf3 Nf6 4. Nbd2 Be7 5. e3 0-0 6. b3 b6 7. Bd3 Bb7 8. 0-0 c5 9. Bb2 Nc6 10. Rc1 Rc8 11. Qe2 Re8 12. Rfd1 Bd6 13. Ne5 Qc7 14. f4 Nb4 15. Bb1 Ne4 16. a3 Nxd2 17. Qxd2 Na6 18. Qd3 g6 19. Ng4 Kf8 20. Nf6 Red8 21. Nxh7+ Ke8 22. cxd5 exd5 23. dxc5 bxc5 24. Qc3 Be7 25. Qg7 Qb6 26. Nf6+ Bxf6 27. Bxf6 Qxb3 28. Rd3 Qb5 29. Qg8+ Kd7 30. Qxf7+ Kc6 31. Bxd8 Rxd8 32. Qxg6+ Kc7 33. Qg7+ Kb8 34. Rd2 Qe8 35. Kf2 Ka8 36. Qg6 Qe7 37. Ba2 c4 38. Qg5 Qxg5 39. fxg5 Nc5 40. Ke2 Rh8 41. h3 Ne4 42. Rd4 Nxg5 43. Rcd1 Ne4 44. Rxe4 dxe4 45. Bxc4 Kb8 46. Rd4 Rc8 47. Kf2 Rc5 48. a4 Kc7 49. g4 a6 50. Kg3 Kb6 51. Kf4 Ka5 52. h4 Bc6 53. h5 Bxa4 54. Bxa6 1-0

[Event "NED-ch (Women)"]
[Site "Hilversum"]
[Date "2008.04.10"]
[Round "6"]
[White "Munnik, Talitha"]
[Black "Van Nies, Pauline"]
[Result "0-1"]
[WhiteElo "2002"]
[BlackElo "2184"]
[PlyCount "92"]
[EventDate "2008.04.04"]
[EventType "tourn"]
[EventRounds "9"]
[EventCountry "NED"]
[SourceTitle "CBM 123 Extra"]
[Source "ChessBase"]
[SourceDate "2008.05.06"]
[SourceVersion "1"]
[SourceVersionDate "2008.05.06"]
[SourceQuality "1"]

1. e4 c5 2. Nf3 Nc6 3. d4 cxd4 4. Nxd4 Nf6 5. Nc3 d6 6. Be3 Ng4 7. Bb5 Nxe3 8. fxe3 Bd7 9. 0-0 e6 10. Qf3 Ne5 11. Qg3 Bxb5 12. Ndxb5 a6 13. Nd4 g6 14. Nce2 Bg7 15. Nf4 0-0 16. Rf2 Qe7 17. Raf1 Rac8 18. Qh3 Rcd8 19. b3 d5 20. exd5 exd5 21. Rd2 Nc6 22. c3 Rfe8 23. Re2 Qc5 24. Qf3 Ne5 25. Qg3 Qxc3 26. Rc2 Qa5 27. Nh5 gxh5 28. Nf5 Ng6 29. Nxg7 Kxg7 30. Rc7 Rf8 31. Rxb7 Rc8 32. Qg5 Qd8 33. Qxh5 Rc6 34. Qg4 Qh4 35. Qd7 Rf6 36. Qxd5 Rxf1+ 37. Kxf1 Qxh2 38. Ra7 Qh1+ 39. Kf2 Qh4+ 40. Ke2 Qg4+ 41. Kf2 Qc8 42. Qd3 Rd8 43. Qe4 Rd2+ 44. Kf3 Qc1 45. Kg3 h5 46. Qf3 Rxg2+ 0-1

[Event "NED-ch (Women)"]
[Site "Hilversum"]
[Date "2008.04.05"]
[Round "2"]
[White "Bensdorp, Marlies"]
[Black "Munnik, Talitha"]
[Result "1/2-1/2"]
[WhiteElo "2268"]
[BlackElo "2002"]
[PlyCount "115"]
[EventDate "2008.04.04"]
[EventType "tourn"]
[EventRounds "9"]
[EventCountry "NED"]
[SourceTitle "CBM 123 Extra"]
[Source "ChessBase"]
[SourceDate "2008.05.06"]
[SourceVersion "1"]
[SourceVersionDate "2008.05.06"]
[SourceQuality "1"]

1. d4 d5 2. c4 e6 3. Nc3 Nf6 4. cxd5 exd5 5. Bg5 Be7 6. e3 h6 7. Bf4 c6 8. Bd3 0-0 9. Qc2 Nbd7 10. h3 Re8 11. Nf3 Nf8 12. 0-0-0 a5 13. g4 Ne6 14. Bh2 b5 15. Kb1 a4 16. Ne2 Qb6 17. Rc1 c5 18. dxc5 Nxc5 19. Ned4 b4 20. Bb5 b3 21. Qe2 bxa2+ 22. Kxa2 Ba6 23. Bxa6 Rxa6 24. Qb5 Qxb5 25. Nxb5 Rb6 26. Nfd4 Nd3 27. Rc3 Nxf2 28. Rhc1 Nxh3 29. Rc8 Rxc8 30. Rxc8+ Kh7 31. Rc7 Bf8 32. Rxf7 Kg8 33. Ra7 Nxg4 34. Bc7 Rf6 35. Rxa4 Nxe3 36. Ra8 Kh7 37. Be5 Rf7 38. Ne6 Be7 39. Re8 Nf5 40. Nc3 d4 41. Nxd4 Nxd4 42. Bxd4 Nf4 43. Kb3 h5 44. Ne4 h4 45. Be3 Ne6 46. Kc4 h3 47. Bg1 Nf4 48. b4 Bh4 49. b5 Rc7+ 50. Kb3 g5 51. Bh2 Rc1 52. Rf8 Ne2 53. Be5 Nd4+ 54. Kb2 h2 55. Nxg5+ Bxg5 56. Rh8+ Kg6 57. Rxh2 Nxb5 58. Rc2 1/2-1/2

[Event "Leiden Noteboom Memorial 68th"]
[Site "Leiden"]
[Date "2008.02.02"]
[Round "2"]
[White "Lenhardt, Manfred"]
[Black "Munnik, Talitha"]
[Result "0-1"]
[WhiteElo "2148"]
[BlackElo "1984"]
[PlyCount "78"]
[EventDate "2008.02.01"]
[EventType "swiss"]
[EventRounds "6"]
[EventCountry "NED"]
[SourceTitle "CBM 122 Extra"]
[Source "ChessBase"]
[SourceDate "2008.03.04"]
[SourceVersion "1"]
[SourceVersionDate "2008.03.04"]
[SourceQuality "1"]

1. Nf3 c5 2. g3 Nc6 3. Bg2 g6 4. d3 Bg7 5. 0-0 e6 6. c3 Nge7 7. Nbd2 d6 8. Nb3 0-0 9. e4 b6 10. d4 cxd4 11. Nfxd4 Ba6 12. Re1 Rc8 13. Bg5 h6 14. Nxc6 Rxc6 15. Bxe7 Qxe7 16. e5 d5 17. Nd4 Rc7 18. a4 Qd7 19. f4 Rb8 20. Re3 Bf8 21. b4 Bc4 22. a5 bxa5 23. Rxa5 Be7 24. h4 Rcb7 25. h5 g5 26. Bh3 Bd8 27. Ra1 Bb6 28. fxg5 Bxd4 29. Qxd4 hxg5 30. Rf3 Kh8 31. Rf6 Rg8 32. Bf1 Qc7 33. Qe3 Qb6 34. Qxb6 axb6 35. g4 Rd8 36. Kf2 Kg7 37. Ke3 Rc7 38. Bh3 Bb5 39. Ra3 Rdc8 0-1

[Event "NED-ch sf (Women)"]
[Site "Hilversum"]
[Date "2008.01.06"]
[Round "1.2"]
[White "Munnik, Talitha"]
[Black "Snikkers, Naomi"]
[Result "1-0"]
[WhiteElo "1959"]
[BlackElo "1838"]
[PlyCount "83"]
[EventDate "2008.01.05"]
[EventType "k.o."]
[EventRounds "3"]
[EventCountry "NED"]
[SourceTitle "CBM 122 Extra"]
[Source "ChessBase"]
[SourceDate "2008.03.04"]
[SourceVersion "1"]
[SourceVersionDate "2008.03.04"]
[SourceQuality "1"]

1. e4 c5 2. Nf3 d6 3. d4 cxd4 4. Nxd4 Nf6 5. Nc3 g6 6. Be3 Bg7 7. f3 0-0 8. Qd2 Nc6 9. Bc4 Bd7 10. 0-0-0 Qa5 11. Kb1 Rfc8 12. Bb3 Ne5 13. g4 b5 14. g5 Nh5 15. Ncxb5 Qxd2 16. Rxd2 Nxf3 17. Nxf3 Bxb5 18. Nd4 Bd7 19. Rf1 Rf8 20. Rdf2 e6 21. a4 a6 22. Ka2 Rab8 23. Ka3 Rbc8 24. Ba2 Rc7 25. c4 Bc8 26. Rd1 Re8 27. Nc2 Rb7 28. Nb4 a5 29. Nc6 Bf8 30. Nxa5 d5+ 31. c5 Ra7 32. b4 dxe4 33. Bb1 Ng7 34. Bxe4 Nf5 35. Bxf5 gxf5 36. Nc6 Rc7 37. Ne5 Bg7 38. Bf4 Bf8 39. Rfd2 Rb7 40. Rd8 Rbe7 41. Nc6 Rxd8 42. Rxd8 1-0

[Event "Arctic Cup 3rd"]
[Site "Salekhard"]
[Date "2007.10.15"]
[Round "8"]
[White "Rassokhina, Ekaterina"]
[Black "Munnik, Talitha"]
[Result "1/2-1/2"]
[WhiteElo "1984"]
[BlackElo "1982"]
[PlyCount "86"]
[EventDate "2007.10.08"]
[EventType "team"]
[EventRounds "11"]
[EventCountry "RUS"]
[SourceTitle "CBM 120 Extra"]
[Source "ChessBase"]
[SourceDate "2007.11.01"]
[SourceVersion "1"]
[SourceVersionDate "2007.11.01"]
[SourceQuality "1"]

1. d4 d5 2. Nf3 Nf6 3. c4 e6 4. Nc3 Be7 5. e3 0-0 6. Bd2 a6 7. Rc1 b6 8. cxd5 exd5 9. Qc2 c5 10. dxc5 bxc5 11. Bd3 Bb7 12. 0-0 Re8 13. Rfd1 Bd6 14. a3 Qc7 15. Ne2 Nc6 16. Ng3 a5 17. Bc3 Qd8 18. Bxf6 Qxf6 19. Bxh7+ Kh8 20. Bd3 Ne5 21. Nxe5 Qxe5 22. Be2 Reb8 23. Bf3 Bc6 24. b3 Rb6 25. Qd3 Rab8 26. Bxd5 Bxd5 27. Qxd5 Qxd5 28. Rxd5 Bf8 29. Ne4 Rxb3 30. g3 Rxa3 31. Nxc5 Rc8 32. Kg2 a4 33. Rc4 Kg8 34. Kf3 Ra2 35. Rg5 Be7 36. Re5 Bf8 37. Rh5 g6 38. Rd5 a3 39. Rc1 Rb2 40. Nd3 Rxc1 41. Nxc1 Rb1 42. Na2 Rb2 43. Nc1 Rb1 1/2-1/2

[Event "Vlissingen HZ op 11th"]
[Site "Vlissingen"]
[Date "2007.08.11"]
[Round "9"]
[White "Munnik, Talitha"]
[Black "Beeke, Bobby"]
[Result "0-1"]
[WhiteElo "2005"]
[BlackElo "2191"]
[PlyCount "92"]
[EventDate "2007.08.04"]
[EventType "swiss"]
[EventRounds "9"]
[EventCountry "NED"]
[SourceTitle "CBM 119 Extra"]
[Source "ChessBase"]
[SourceDate "2007.09.04"]
[SourceVersion "1"]
[SourceVersionDate "2007.09.04"]
[SourceQuality "1"]

1. e4 c5 2. Nf3 d6 3. d4 cxd4 4. Nxd4 Nf6 5. Nc3 Nc6 6. Be3 Ng4 7. Bb5 Nxe3 8. fxe3 Bd7 9. 0-0 Ne5 10. Nf3 Bxb5 11. Nxb5 f6 12. Nxe5 fxe5 13. Qd5 Qb6 14. Qb3 0-0-0 15. Rad1 Kb8 16. a4 a6 17. Nd4 Qxb3 18. Nxb3 g6 19. Rf7 Rc8 20. c3 Kc7 21. Nd2 Kd7 22. Rdf1 Bh6 23. Kf2 Ke6 24. Ke2 Bf4 25. exf4 Kxf7 26. fxe5+ Ke6 27. exd6 Kxd6 28. Rf3 Rhf8 29. Rxf8 Rxf8 30. Nf3 e5 31. h3 b5 32. axb5 axb5 33. b4 Ra8 34. Nd2 Ke6 35. c4 bxc4 36. Nxc4 Ra4 37. Kf3 Rxb4 38. Ne3 Rb3 39. Kf2 Rc3 40. Ke2 Kd6 41. Ng4 h5 42. Nh2 Rc2+ 43. Kf3 Kc5 44. Nf1 Kd4 45. g4 Rc3+ 46. Kg2 h4 0-1

[Event "NED-ch U17"]
[Site "Venlo"]
[Date "2007.05.04"]
[Round "7"]
[White "Van Vliet, Harry"]
[Black "Munnik, Talitha"]
[Result "0-1"]
[WhiteElo "2039"]
[BlackElo "1906"]
[PlyCount "82"]
[EventDate "2007.04.30"]
[EventType "swiss"]
[EventRounds "9"]
[EventCountry "NED"]
[SourceTitle "EXT 2009"]
[Source "ChessBase"]
[SourceDate "2008.11.26"]
[SourceVersion "1"]
[SourceVersionDate "2008.11.26"]
[SourceQuality "1"]

1. d4 d5 2. c4 e6 3. Nc3 Nf6 4. e3 a6 5. Nf3 dxc4 6. a4 b6 7. Bxc4 Bb7 8. 0-0 Nbd7 9. Qe2 Bd6 10. e4 e5 11. Rd1 exd4 12. Nxd4 0-0 13. Nf5 Be5 14. Bg5 Qe8 15. f3 Nc5 16. Nd5 Nxd5 17. Bxd5 Bxd5 18. Rxd5 f6 19. f4 Bd6 20. Bh4 Qxe4 21. Qg4 g6 22. Nh6+ Kh8 23. Rxd6 cxd6 24. Re1 Qb7 25. b4 Ne4 26. Qe6 Rae8 27. Qb3 Kg7 28. Ng4 d5 29. Qb2 Qc6 30. Rc1 Qd6 31. Bg5 Rf7 32. Re1 Rc8 33. Bh6+ Kh8 34. h4 Qe6 35. Nf2 Qc6 36. Ng4 Qc3 37. Qe2 Qxb4 38. Kh2 Qxa4 39. Nf2 Qc2 40. Qxa6 Nxf2 41. f5 Ng4+ 0-1

[Event "NED-ch U17"]
[Site "Venlo"]
[Date "2007.05.02"]
[Round "4"]
[White "Hoogland, Bauke"]
[Black "Munnik, Talitha"]
[Result "0-1"]
[WhiteElo "1647"]
[BlackElo "1906"]
[PlyCount "112"]
[EventDate "2007.04.30"]
[EventType "swiss"]
[EventRounds "9"]
[EventCountry "NED"]
[SourceTitle "EXT 2009"]
[Source "ChessBase"]
[SourceDate "2008.11.26"]
[SourceVersion "1"]
[SourceVersionDate "2008.11.26"]
[SourceQuality "1"]

1. e4 c5 2. Nc3 Nc6 3. f4 g6 4. Nf3 Bg7 5. Bb5 e6 6. Bxc6 bxc6 7. 0-0 d5 8. e5 Ne7 9. d3 Rb8 10. Kh1 0-0 11. Qe1 Nf5 12. g4 Nd4 13. Qf2 Nxf3 14. Qxf3 f5 15. g5 Bb7 16. Rf2 d4 17. Na4 Qa5 18. b3 c4 19. Kg1 c5 20. Qe2 c3 21. Ba3 Rfc8 22. Bxc5 Rxc5 23. Nxc5 Qxc5 24. h4 Qa3 25. h5 Kf7 26. Rff1 Bf8 27. Qf2 a5 28. Kh2 Bc5 29. Qh4 Rg8 30. Kg3 a4 31. Qh2 Ba8 32. Rab1 Rg7 33. Ra1 Kg8 34. Rfb1 Ba7 35. Qg1 Qc5 36. Rf1 Qc6 37. h6 Rd7 38. Qf2 Bc5 39. Rab1 axb3 40. axb3 Ba3 41. Ra1 Bc5 42. Ra2 Ra7 43. Rxa7 Bxa7 44. Qe2 Qa6 45. Qd1 Bc5 46. Qa1 Qc6 47. Rf2 Kf7 48. Qb1 Ke7 49. Qa1 Kd7 50. Qb1 Kc7 51. Qa1 Kb6 52. Kh4 Bb7 53. Kg3 Qb5 54. Re2 Qa5 55. Qb1 Ba3 56. Kf2 Qd5 0-1